LEADER 00946nas a2200241 i 4500 001 000000223982 003 CaOOAMICUS 005 20140714000000.0 008 131022b2013 xxuuu u0 0eng r 013 $a202880 040 $aSeMil$bita 245 10$a[2013]. 260 $aWashington D.C. :$bThe Catholic University of America,$c2013. 300 $a[6], 695 p. ;$c23 cm. 500 $aArticoli con sintesi in inglese [Abstract] in coda. 773 0 $tJurist.$dWashington D.C. : The Catholic University of America, 1941.$x0022-6858$w()2663 774 0 $t[SENZA TITOLO].$w()280010 774 0 $t[SENZA TITOLO].$w()281213 850 $aSeMil 852 $aSeMil$W1$xVenegono$y1$m181 6 73$j252328$B174328$CSeMilBibl$Z2$F192322 $85 961 $aAbbonamento: Casalini 996 $6245$a[2013]$9(OLS)http://semarc/title/311212 996 $6260$aWashington D.C. :$bThe Catholic University of America$9(OLS)http://semarc/publisher/30848 LEADER 01335nam a2200265 i 4500 001 000000111856 003 CaOOAMICUS 005 20091021000000.0 008 091021s1996 it u000 u ita u 013 $a84538 020 $a88-209-2241-X 040 $aSeMil$bita 245 13$aIl Vangelo della caritą per una nuova societą in Italia :$btesti fondamentali del Convegno e Nota pastorale dei Vescovi. 260 $aCittą del Vaticano :$bLibreria Editrice Vaticana,$cstampa 1996. 300 $a256 p. ;$c21 cm. 500 $aIn testa al front. : 3. Convegno Ecclesiale, Palermo, 20-24 novembre 1995. - Fondo Card. C.M. Martini. 650 4$aPalermo - 3. Convegno Ecclesiale <1995>.$0(OLS)http://semarc/subject/20065 711 0 $aConvegno Ecclesiale Nazionale <3. ; 1995 ; Palermo>.$0(OLS)http://semarc/name/116591 850 $aSeMil 852 $aSeMil$W1$xVenegono$y1$m2F I 91$j67666$B67666$CSeMilBibl$Z2$F87098 $81 941 1 $a4 961 $aOmaggio: Martini Card. Carlo Maria 996 $6020$a88-209-2241-X$9(OLS)http://semarc/number/94210 996 $6245$aIl Vangelo della caritą per una nuova societą in Italia :$btesti fondamentali del Convegno e Nota pastorale dei Vescovi$9(OLS)http://semarc/title/162955 996 $6260$aCittą del Vaticano :$bLibreria Editrice Vaticana$9(OLS)http://semarc/publisher/29734